000 00764nam a2200265Ia 4500
005 20260302115819.0
008 008 260114s9999 xx 000 0 eng d
020 _a9781509956012
037 _aTextbook
040 _aCRL
040 _beng
040 _cCRL
041 _2eng
041 _aeng
084 _qCRL
100 _aFrancisco de Abreu Duarte and Francesca Palmiotto Ettorre
_91122747
245 0 _aSovereignty, Technology and Governance after COVID-19 Legal Challenges in a Post-Pandemic Europe
260 _bBloomsbury
260 _bHart Publishing
260 _c2022
650 _aLaw
856 _uhttps://doi.org/10.5040/9781509956012?locatt=label:secondary_bloomsburyCollections
942 _cEBOOK
999 _c1687553
_d1687553